| 000 | | | 04204nmc2a22002893x 450 |
| 001 | | | fdeb9c24-9104-4aea-ac94-206650872dbb |
| 005 | | | 20230719195633.0 |
| 100 | ## | $a | 20230613l19291930k y0rusy50 ca |
| 101 | 0# | $a | rus |
| | $a | mul |
| 102 | ## | $a | RU |
| 105 | ## | $a | a z ||||| |
| 122 | 2# | $a | d19291121 |
| | $a | d19301231 |
| 200 | 1# | $a | О пятилетнем плане по женскому труду |
| | $j | 21.11.1929 - 1930 |
| 215 | ## | $a | 242 листа |
| | $c | табл. |
| | $d | 38,5 х 25,8 |
| 251 | ## | $c | Дело |
| 300 | ## | $a | На папке дела: 21 ноября 1929 г. - 1931 г. |
| 300 | ## | $a | В деле обратная нумерация листов |
| 300 | ## | $a | Листы: 200-190, 175, 168, 165, 147, 111, 110, 77, 43 - текст уходит в корешок дела |
| 300 | ## | $a | Часть текста на языках народов СССР |
| 300 | ## | $a | Часть текста машинописная и рукописная, часть - напечатана типографским способом |
| 324 | ## | $a | В деле имеются копии отдельных документов |
| 461 | #0 | $1 | 001796d4672-8a00-4986-b488-6e42273792cc |
| | $1 | 2001 |
| | $a | ЦЕНТРАЛЬНЫЙ ИСПОЛНИТЕЛЬНЫЙ КОМИТЕТ СССР (ЦИК СССР). |
| | $1 | 251 |
| | $c | Фонд |
| | $1 | 852 |
| | $g | Р |
| | $j | 3316 |
| 462 | #0 | $1 | 0016e6e8ba4-e15f-4ad4-8937-f1e88c150bfe |
| | $1 | 2001 |
| | $a | Дела Секретариата Президиума ЦИК Союза ССР. 1929 г. |
| | $v | Д. 941 |
| | $1 | 251 |
| | $c | Опись |
| | $1 | 852 |
| | $j | 22 |
| 601 | 01 | $3 | RU\NLR\AUTH\880357276 |
| | $a | СССР |
| | $b | ЦИК |
| 801 | #0 | $a | RU |
| | $b | GA_RF |
| 801 | #1 | $a | RU |
| | $b | ГлавНИВЦ |
| | $c | 20230613 |
| | $2 | rusmarc |
| 801 | #2 | $a | RU |
| | $b | ПБ им. Б.Н. Ельцина |
| | $c | 20230719 |
| | $g | RCR |
| | $2 | rusmarc |
| 852 | ## | $a | ГА РФ |
| | $j | 941 |
| 937 | ## | $d | 186673044 |
| | $h | ГАРФ |
| 035 | ## | $a | RuPRLIB51072615 |
| 856 | ## | $u | http://readingroom.main.prlib.ru/item.aspx?id_node=n186673044&mode=full |